000 00429nam a22001577a 4500
005 20251108164141.0
008 250721s1965 xx 000 0 ara d
082 1 4 _a041/م
100 1 _aالعالم، محمود أمين
245 1 0 _aمعارك فكريه /
264 1 _aالقاهرة :
_bدار الهلال،
_c1965.
300 _a225ص
650 1 7 _aالمقالات العربية
942 _2ddc
_cBK
999 _c4900
_d4900